<?xml version="1.0" encoding="UTF-8"?>
<record
    xmlns:xsi="http://www.w3.org/2001/XMLSchema-instance"
    xsi:schemaLocation="http://www.loc.gov/MARC21/slim http://www.loc.gov/standards/marcxml/schema/MARC21slim.xsd"
    xmlns="http://www.loc.gov/MARC21/slim">

  <leader>01423njm a2200313Ia 4500</leader>
  <controlfield tag="001">25915</controlfield>
  <controlfield tag="003">IT-RoPAU</controlfield>
  <controlfield tag="005">20220918181151.0</controlfield>
  <controlfield tag="008">131025s9999    xx            000 0 und d</controlfield>
  <datafield tag="040" ind1=" " ind2=" ">
    <subfield code="a">IT-RoPAU</subfield>
  </datafield>
  <datafield tag="040" ind1=" " ind2=" ">
    <subfield code="c">IT-RoPAU</subfield>
  </datafield>
  <datafield tag="041" ind1=" " ind2=" ">
    <subfield code="a">INGLESE</subfield>
  </datafield>
  <datafield tag="999" ind1=" " ind2=" ">
    <subfield code="c">102158</subfield>
    <subfield code="d">102158</subfield>
  </datafield>
  <datafield tag="999" ind1=" " ind2=" ">
    <subfield code="b">NO</subfield>
  </datafield>
  <datafield tag="100" ind1=" " ind2=" ">
    <subfield code="a">Toto </subfield>
    <subfield code="9">14880</subfield>
  </datafield>
  <datafield tag="100" ind1=" " ind2=" ">
    <subfield code="e">Autore musica</subfield>
    <subfield code="9">14881</subfield>
  </datafield>
  <datafield tag="100" ind1=" " ind2=" ">
    <subfield code="g">Codice autore musica SPICS: 23782</subfield>
    <subfield code="9">14882</subfield>
  </datafield>
  <datafield tag="245" ind1=" " ind2=" ">
    <subfield code="a">Isolation</subfield>
  </datafield>
  <datafield tag="250" ind1=" " ind2=" ">
    <subfield code="a">1a ed.</subfield>
  </datafield>
  <datafield tag="260" ind1=" " ind2=" ">
    <subfield code="a">ROMA</subfield>
  </datafield>
  <datafield tag="260" ind1=" " ind2=" ">
    <subfield code="b">SPICS RECORDS</subfield>
    <subfield code="c">1984 [1a Ed.:1984 - Ed. Lingua Orig.: 1984]</subfield>
  </datafield>
  <datafield tag="300" ind1=" " ind2=" ">
    <subfield code="a">MUSICASSETTA</subfield>
  </datafield>
  <datafield tag="300" ind1=" " ind2=" ">
    <subfield code="c">43 minuti (Testo:  pag.)</subfield>
  </datafield>
  <datafield tag="500" ind1=" " ind2=" ">
    <subfield code="a">Musica pop, rock</subfield>
  </datafield>
  <datafield tag="505" ind1=" " ind2=" ">
    <subfield code="a">Carmen [(D. Paich, J. Porcaro) (3:25)] - Lion [(D. Paich, B. Kimball) (4:46)] - Stranger in Town [(D. Paich, J. Porcaro) (4:47)] - Angel Don't Cry [(D. Paich, F. Frederiksen) (4:21)] - How Does It Feel [(S. Lukather) (3:50)] - Endless [(D. Paich) (3:40)] -  Isolation [(S. Lukather, D. Paich, F. Frederiksen) (4:04)] - Mr. Friendly [(S. Lukather, D. Paich, F. Frederiksen, J. Porcaro, M. Porcaro) (4:22)] - Change Of Heart [(D. Paich, F. Frederiksen) (4:08)] - Holyanna [(D. Paich, J. Porcaro) (4:19)]
</subfield>
  </datafield>
  <datafield tag="650" ind1=" " ind2=" ">
    <subfield code="a">CANZONE [CASSETTE]</subfield>
    <subfield code="e">Codice MATERIA SPICS: 9951</subfield>
    <subfield code="9">14883</subfield>
  </datafield>
  <datafield tag="700" ind1=" " ind2=" ">
    <subfield code="a">Tot&#xF2; </subfield>
    <subfield code="e">Autore testo e musica</subfield>
    <subfield code="g">Codice autore testo/musica SPICS: 23782</subfield>
    <subfield code="9">14884</subfield>
  </datafield>
  <datafield tag="700" ind1=" " ind2=" ">
    <subfield code="a">Tot&#xF2; </subfield>
    <subfield code="g">Codice interprete SPICS: 23782</subfield>
    <subfield code="e">Interprete</subfield>
    <subfield code="9">14885</subfield>
  </datafield>
  <datafield tag="942" ind1=" " ind2=" ">
    <subfield code="c">MC</subfield>
    <subfield code="2">ddc</subfield>
  </datafield>
  <datafield tag="952" ind1=" " ind2=" ">
    <subfield code="0">0</subfield>
    <subfield code="1">0</subfield>
    <subfield code="4">0</subfield>
    <subfield code="6">25915_000000000000000</subfield>
    <subfield code="7">1</subfield>
    <subfield code="a">SPICS</subfield>
    <subfield code="b">SPICS</subfield>
    <subfield code="d">2013-10-25</subfield>
    <subfield code="l">0</subfield>
    <subfield code="o">25915</subfield>
    <subfield code="r">2013-10-25 00:00:00</subfield>
    <subfield code="w">2013-10-25</subfield>
    <subfield code="y">MC</subfield>
    <subfield code="z">Progr. Ins.: 5788 / N.Vol.: 1 / Copie: 1 - Copia rara: NO / date import: 01.01.2014 - By Epidotti, Trombetti, Vaglietti</subfield>
  </datafield>
</record>
